000 00451nam a2200181 a 4500
005 20140412111302.0
008 001116s19uu xx 00 eng d
050 _aER
_bHa11
245 _aHansel and Gretel.
260 _aTokyo :
_bFroebel-kan co., lt.d.
300 _a1 v. (unp.) ; ill.
440 _aThe World of Fairy Tales
650 _aFairy tales
650 _aFolklore--Germany
999 _c103480
_d103480